banner koha

Correlação entre as atividades antiradical, antiacetilcolinesterase e teor de fenóis totais de extratos de plantas medicinais de farmácias vivas (Registro n. 299236)

MARC details
000 -LÍDER
fixed length control field 03799nab a2200313 i 4500
003 - CÓDIGO MARC DA AGÊNCIA CATALOGADORA
Campo de controle BR-BrBNA
005 - DATA E HORA DA ÚLTIMA ATUALIZAÇÃO
Campo de controle 20240419091739.0
008 - CAMPO DE TAMANHO FIXO
fixed length control field 240419b2013 bl.qr|pooa||| 00| 0 por |
040 ## - FONTE DA CATALOGAÇÃO
Agência catalogadora BR-BrBNA
Idioma da catalogação por
072 ## - CATEGORIA AGRIS
Código AGRIS F60
100 ## - ENTRADA PRINCIPAL - NOME PESSOAL
Nome pessoal Morais, S.M.
100 ## - ENTRADA PRINCIPAL - NOME PESSOAL
Nome pessoal Lima, K.S.B.
100 ## - ENTRADA PRINCIPAL - NOME PESSOAL
Nome pessoal Siqueira, S.M.C.
100 ## - ENTRADA PRINCIPAL - NOME PESSOAL
Nome pessoal Cavalcanti, E.S.B.
100 ## - ENTRADA PRINCIPAL - NOME PESSOAL
Nome pessoal Souza, M.S.T.
100 ## - ENTRADA PRINCIPAL - NOME PESSOAL
Nome pessoal Menezes, J.E.S.A.
100 ## - ENTRADA PRINCIPAL - NOME PESSOAL
Nome pessoal Trevisan, M.T.S.
245 ## - TÍTULO PRINCIPAL
Título principal Correlação entre as atividades antiradical, antiacetilcolinesterase e teor de fenóis totais de extratos de plantas medicinais de farmácias vivas
500 ## - NOTA GERAL
Nota geral Publicação on-line; 41 ref.; 3 tables; 3 illus.; Summaries (En, Pt)
942 ## - ADDED ENTRY ELEMENTS (KOHA)
Koha item type
520 ## - NOTA DE RESUMO
Nota de conteúdo <br/><br/>RESUMO: <br/><br/>O objetivo deste trabalho foi avaliar a correlação entre o conteúdo de fenóis de<br/>extratos de 18 plantas medicinais comuns nas Farmácias Vivas com a atividade sequestradora<br/>do radical livre DPPH e com a inibição da enzima acetilcolinesterase. Maiores conteúdos de<br/>fenóis totais foram encontrados nas plantas: Eugenia uniflora, Lippia alba, Lippia microphylla,<br/>Mentha x villosa, Ocimum gratissimum e Ocimum selloi. As espécies que apresentaram maior<br/>atividade antioxidante, semelhante a quercetina, foram: Spondias mombim, Malphigia glabra,<br/>L. alba e Croton zenhtneri,. As plantas Cecropia pachystachia, L. alba, L. microphylla, M.<br/>glabra, O. gratissimum e Plectranthus ornatus mostraram maiores halos de inibição da enzima<br/>acetilcolinesterase. Combinando as duas ações, as plantas mais ativas foram a M. glabra e a<br/>L. alba e somente a segunda correlaciona-se diretamente com o maior teor de fenóis totais.<br/>Através deste estudo, M. glabra e L. alba foram consideradas as plantas mais promissoras<br/>para estudos subsequentes a fim de encontrar novos compostos com ação potencial contra<br/>a doença de Alzheimer.<br/><br/>Palavras-chave: farmácias vivas, acetilcolinesterase, antiradical, doença de Alzheimer
520 ## - NOTA DE RESUMO
Nota de conteúdo <br/><br/>ABSTRACT: <br/><br/>Correlation between the anti-radical, anti-acetylcholinesterase activities<br/>and phenolic content of some extracts of live herbal pharmacies in the Northeast of<br/>Brazil. The purpose of this study was to evaluate the phenolic content of 18 medicinal plant<br/>extracts of “Live Pharmacies” and correlate them with their free radical scavenging activity<br/>and inhibition of the acetylcholinesterase enzyme. Higher amounts of phenolic compounds<br/>were found in the following plants: Eugenia uniflora, Lippia alba, Lippia microphylla, Mentha x<br/>villosa, Ocimum gatissimum, and Ocimum selloi. The species that showed higher anti-radical<br/>activity were Croton zenhtneri, Lippia alba, Malphigia glabra, and Spondias mombim, similar to<br/>quercetin. The plants Cecropia pachystachia, L. alba, L. microplylla, M. glabra, O. gratissimum,<br/>and Plectranthus ornatus showed larger inhibition zones of the acetylcholinesterase enzyme.<br/>By correlating the two actions L. alba and M. glabra are common as more active to both tests<br/>and only L. alba correlates directly with the phenolic content. Through this study, L. alba and<br/>M. glabra are considered the most promising plants for further studies to find new compounds<br/>with potential action against Alzheimer´s disease.<br/><br/>Key words: live pharmacies, acetylcholinesterase, anti-radical, Alzheimer´s disease
650 ## - ASSUNTO - THESAGRO
Cabeçalho tópico ou nome geográfico FARMÁCIA
650 ## - ASSUNTO - THESAGRO
Cabeçalho tópico ou nome geográfico DOENÇA
650 ## - ASSUNTO - THESAGRO
Cabeçalho tópico ou nome geográfico PLANTA MEDICINAL
773 0# - ENTRADA ANALÍTICA
Host Biblionumber 3543
Registro do item 314468
Imprenta Botucatu-SP Instituto de Biociências - Departamento de Química e Bioquímica 1998
Outro identificador 2024-0723
Título Revista Brasileira de Plantas Medicinais (Brazil)
ISSN 1516-0572
Colação v. 15(4) p. 575-582; (2013)
Número de controle de registro BR2024000489
856 ## - ACESSO E ENDEREÇO ELETRÔNICO
Identificador uniforme de recurso - URI https://www.scielo.br/j/rbpm/a/J5yb7bGhTJdKqSZFjryW7xw/?format=pdf&lang=pt

Nenhum exemplar disponível.

BINAGRI

Telefone: (61)3218-2567/2388/3357/2097 - binagri@agro.gov.br

Ministério da Agricultura e Pecuária , Esplanada dos Ministérios, Bloco D, Anexo B, Brasília/DF, CEP: 70.043-900